Peace works : the citizen's role in ending the Cold War (Record no. 320988)
[ view plain ]
| 000 -LEADER | |
|---|---|
| fixed length control field | 00422 a2200157 4500 |
| 001 - CONTROL NUMBER | |
| control field | 85915 |
| 003 - CONTROL NUMBER IDENTIFIER | |
| control field | NUST |
| 005 - DATE AND TIME OF LATEST TRANSACTION | |
| control field | 20180121180312.0 |
| 008 - FIXED-LENGTH DATA ELEMENTS--GENERAL INFORMATION | |
| fixed length control field | 180121b xxu||||| |||| 00| 0 eng d |
| 020 ## - INTERNATIONAL STANDARD BOOK NUMBER | |
| International Standard Book Number | 0813318815 |
| 082 ## - DEWEY DECIMAL CLASSIFICATION NUMBER | |
| Classification number | 327.172 COR |
| 100 ## - MAIN ENTRY--PERSONAL NAME | |
| Personal name | David Cortright |
| 9 (RLIN) | 9391 |
| 245 ## - TITLE STATEMENT | |
| Title | Peace works : the citizen's role in ending the Cold War |
| Medium | English |
| 250 ## - EDITION STATEMENT | |
| Edition statement | 1st |
| 260 ## - PUBLICATION, DISTRIBUTION, ETC. | |
| Place of publication, distribution, etc. | Boulder |
| Name of publisher, distributor, etc. | Westview Press |
| Date of publication, distribution, etc. | 1993 |
| 300 ## - PHYSICAL DESCRIPTION | |
| Extent | viii, 288 p. |
| 500 ## - GENERAL NOTE | |
| General note | Gifted By AM Masood Akhtar |
| 942 ## - ADDED ENTRY ELEMENTS (KOHA) | |
| Institution code [OBSOLETE] | caenust |
| Koha item type | Book |
| Call number prefix | 327.172 COR |
| Source of classification or shelving scheme | |
| Withdrawn status | Lost status | Damaged status | Not for loan | Collection code | Permanent Location | Current Location | Date acquired | Total Checkouts | Full call number | Barcode | Date last seen | Price effective from | Koha item type |
|---|---|---|---|---|---|---|---|---|---|---|---|---|---|
| College of Aeronautical Engineering (CAE) | College of Aeronautical Engineering (CAE) | 04/03/2017 | 327.172 COR | CAEG-9760 | 04/05/2017 | 04/05/2017 | Book |
